000
00299nam a2200109Ia 4500
008
180323s9999 xx 000 0 und d
020
_a
795703025
100
_a
Karasu, Byram T.
245
4
_a
The psychotherapist as healer /
260
_a
London :
_b
2001
_c
Jason Aronson Inc.
300
_a
vii, 321 pages
999
_c
356348
_d
356348